[Event "28th CRO-chT 1B-Men 2019"]
[Site "Mali Losinj"]
[Date "2019.10.03"]
[Round "6.8"]
[White "Srbis, Jurica"]
[Black "Tratar, Marko"]
[Result "1-0"]
[WhiteElo "2449"]
[BlackElo "2461"]
[Annotator "TA"]
[PlyCount "53"]
[EventDate "2019.09.28"]
[EventType "team-tourn"]
[EventCountry "CRO"]
[SourceTitle "playchess.com"]
[Source "ChessBase"]
[SourceQuality "1"]

{[%evp 19,53,17,41,41,50,43,38,30,64,64,64,62,64,64,69,48,48,47,49,49,47,33,46,37,41,30,45,15,21,8,5,0,29,0,241,241]} 1. d4 Nf6 2. c4 e6 3. Nc3 Bb4 4. e3 O-O 5. Bd3 d5 6. Nf3 c5 7. O-O Nc6 8. cxd5 exd5 9. dxc5 Bxc5 10. h3 a6 11. b3 {E56: Nimzo-Indian: Rubinstein: Main Line: 7...Nc6} Be6 12. Bb2 Rc8 (12... Qe7 13. a3 Rad8 14. Ne2 Ne4 15. b4 Bd6 16. Rc1 a5 17. b5 Nb8 18. Qa4 Nd7 {1-0 (48) Howell,D (2689)-Kazhgaleyev,M (2582) Batumi 2018}) 13. Rc1 {White is slightly better.} Ba7 14. Ne2 Qe7 15. Nf4 Ne4 16. Bb1 Rfd8 17. Nd4 $146 (17. Qd3 {is more complex.} Nb4 18. Qe2 Nc6 19. Rfd1 Bb8 20. Nd4) ({Predecessor:} 17. Qe2 f6 18. Nxe6 Qxe6 {1-0 (41) Ushenina,A (2449)-Gritsayeva,O (2396) Sochi 2017}) 17... Nxd4 18. Rxc8 Rxc8 19. Bxd4 Bxd4 20. Qxd4 Nf6 21. Rd1 Qc5 22. Qd3 Qc3 23. Qe2 h6 24. Kh2 Qe5 {[#] Hoping for ...g5.} 25. g3 Kf8 26. Rd4 Rc1 $2 (26... g5 $11 {and Black is okay.} 27. Nxe6+ fxe6) 27. Nd3 $1 {[%csl LRc1,LRe5][%mdl 64] Double Attack. Accuracy: White = 52%, Black = 50%.} 1-0

[Event "28th CRO-chT 1B-Men 2019"]
[Site "Mali Losinj"]
[Date "2019.10.03"]
[Round "6.9"]
[White "Fercec, Nenad"]
[Black "Cop, Tomislav"]
[Result "1-0"]
[WhiteElo "2445"]
[BlackElo "2349"]
[Annotator "TA"]
[PlyCount "101"]
[EventDate "2019.09.28"]
[EventType "team-tourn"]
[EventCountry "CRO"]
[SourceTitle "playchess.com"]
[Source "ChessBase"]
[SourceQuality "1"]

{[%evp 12,101,22,27,44,38,45,13,12,6,40,26,38,37,38,37,37,33,58,58,51,38,66,67,67,62,68,62,66,54,74,54,54,52,52,54,70,72,56,55,81,79,101,82,99,0,102,76,69,0,121,61,70,73,75,85,136,112,302,128,138,139,127,126,312,387,496,483,486,481,462,437,654,630,787,735,741,727,1378,1274,29983,29984,29984,29985,29988,29985,29987,29988,29991,29992,29996,29988]} 1. e4 c6 2. d4 d5 3. e5 Bf5 4. Nf3 e6 5. Be2 Nd7 6. O-O Ne7 7. Nbd2 Nc8 {B12: Caro-Kann: Advance Variation} 8. Ne1 Bg6 9. Bd3 c5 {The position is equal.} 10. c3 cxd4 $146 ({Predecessor:} 10... Be7 11. Bxg6 hxg6 12. Nd3 c4 13. Nf4 b5 14. Qg4 Ncb6 15. Nf3 {½-½ (26) Karjakin,S (2776)-Topalov,V (2775) Monte Carlo 2011}) 11. cxd4 Qb6 12. Bxg6 hxg6 13. Ndf3 Be7 14. Nd3 a6 15. Be3 Na7 16. Rc1 Rc8 17. Rxc8+ Nxc8 18. g3 Na7 19. h4 Nc6 20. Qb1 Bd8 21. Nf4 Ne7 22. g4 Qb5 23. Kg2 Nf8 24. Rh1 Nc6 25. b3 a5 26. a4 Qb6 27. Qd3 Nb4 28. Qb1 Nc6 $1 29. Nd3 Be7 30. Nf4 (30. Nc1 $14) 30... Bd8 $1 $16 31. Nh3 ({Better is} 31. Ne2 $16) 31... Qa6 32. Qd1 Nb4 33. Nf4 Qc6 (33... Nd7 $142) 34. Nd3 Qc3 $2 {[#]} (34... Nc2 $16) 35. Nxb4 (35. Nc5 $1 $18 {and the rest is easy.}) 35... Qxb4 {[#]} 36. Qc2 $1 Qb6 37. Rc1 Nd7 $2 (37... Nh7 $16) 38. Qc8 $18 f6 39. exf6 gxf6 40. g5 Qd6 41. gxf6 O-O (41... Nxf6 $142 42. Ne5 O-O 43. Qxb7 Qe7 44. Qxe7 Bxe7) 42. Bh6 Re8 43. Bg5 Rf8 {[#]} 44. f7+ $1 {[%mdl 512]} Kg7 (44... Rxf7 45. Qxd8+) 45. Bxd8 Nb6 {[#]} 46. Bxb6 $3 {White mates.} Rxc8 (46... Qxb6 47. Ng5) 47. Rxc8 Kxf7 48. Ne5+ Kg7 49. Bc5 Qa6 50. Rc7+ Kh8 51. Be7 {Accuracy: White = 64%, Black = 36%.} 1-0

[Event "28th CRO-chT 1B-Men 2019"]
[Site "Mali Losinj"]
[Date "2019.10.03"]
[Round "6.10"]
[White "Mihalincic, Tomislav"]
[Black "Franic, Milan"]
[Result "0-1"]
[WhiteElo "2252"]
[BlackElo "2366"]
[Annotator "TA"]
[PlyCount "50"]
[EventDate "2019.09.28"]
[EventType "team-tourn"]
[EventCountry "CRO"]
[SourceTitle "playchess.com"]
[Source "ChessBase"]
[SourceQuality "1"]

{[%evp 16,82,20,14,19,0,26,10,20,35,44,0,0,0,0,-29,-29,-28,-2,-45,-38,-95,-97,-90,-82,-120,-131,-126,-130,-223,-125,-159,-154,-209,-214,-200,-154,-182,-185,-254,-251,-304,-281,-434,-422,-460,-434,-488,-486,-491,-484,-611,-601,-856,-847,-875,-875,-827,-852,-1425,-1000,-970,-958,-1570,-1570,-1486,-1484,-1250,-1062]} 1. e4 b6 2. d4 Bb7 3. Nc3 e6 4. Nf3 Bb4 5. Bd3 Nf6 6. Qe2 d5 7. exd5 Nxd5 8. Bd2 Nxc3 9. bxc3 Be7 {B00: Queen's Fianchetto Defence, Nimzowitsch Defence} 10. Ne5 (10. h4 Nd7 11. Ng5 Nf6 12. O-O h6 13. Nf3 Qd5 14. Rfe1 Qh5 15. Ne5 Qxh4 16. Nxf7 Ng4 17. Bf4 Kxf7 18. Qxe6+ {0-1 (34) Olszewski,M (2540)-Lewtak,D (2358) Katowice 2017}) 10... Bf6 11. Bb5+ c6 {The position is equal.} 12. Bd3 ({Not} 12. Nxf7 $2 Kxf7 13. Bc4 Re8 $17) 12... Nd7 13. f4 O-O 14. O-O g6 15. Be4 $146 ({Predecessor:} 15. Qg4 Bg7 16. Bc4 Nf6 17. Qe2 {½-½ (52) Preethi,R (2060)-Raghavi,N (2082) Chennai 2006}) 15... Qc7 16. Qf3 {[%cal Re5c6]} Rac8 17. Rfe1 Bg7 18. Qh3 (18. Rad1 $15) 18... Nf6 {[%cal Bd7f6,Bf6e4,Be4d2][%mdl 32]} 19. Bd3 c5 20. Kh1 Rfd8 21. dxc5 Qxc5 22. Rab1 {[#]} (22. Rad1 $17 {was worth a try.}) 22... Qc7 (22... Ne4 $1 $19 {[%mdl 512]} 23. Be3 (23. Bxe4 Bxe4) 23... Qxc3) 23. c4 {[#]} Ne4 $1 {[%cal Re4f2][%mdl 576] And now ...Nf2+ would win. Pin} 24. Qe3 (24. Be3 $17 {is a better defense.}) (24. Bxe4 Bxe4) 24... Nxd2 $19 25. Qxd2 Bxe5 {Played: Rd8-d4} 0-1

[Event "28th CRO-chT 1B-Men 2019"]
[Site "Mali Losinj"]
[Date "2019.10.03"]
[Round "6.11"]
[White "Ciganovic, Nikola"]
[Black "Blagojevic, Marijan"]
[Result "1-0"]
[WhiteElo "2219"]
[BlackElo "2196"]
[Annotator "NA"]
[PlyCount "49"]
[EventDate "2019.09.28"]
[EventType "team-tourn"]
[EventCountry "CRO"]
[SourceTitle "playchess.com"]
[Source "ChessBase"]
[SourceQuality "1"]
[TimeControl "40/5400+30:1800+30"]

1. e4 {[%emt 0:00:30]} c5 {[%emt 0:00:30]} 2. Nf3 {[%emt 0:00:00]} d6 {[%emt 0:00:00]} 3. d4 {[%emt 0:00:00]} cxd4 {[%emt 0:00:00]} 4. Nxd4 {[%emt 0:00:00]} Nf6 {[%emt 0:00:30]} 5. Nc3 {[%emt 0:00:00]} a6 {[%emt 0:00:00]} 6. Qf3 {[%emt 0:00:30]} e6 {[%emt 0:06:00]} 7. g4 {[%emt 0:00:30]} Qc7 {[%emt 0:03:30]} 8. Be3 {[%emt 0:04:30]} Nc6 {[%emt 0:04:30]} 9. g5 {[%emt 0:00:30]} Nd7 {[%emt 0:03:30]} 10. O-O-O {[%emt 0:05:30]} Nde5 {[%emt 0:09:30]} 11. Qg3 {[%emt 0:14:30]} Nxd4 {[%emt 0:08:30]} 12. Bxd4 {[%emt 0:06:30]} Bd7 {[%emt 0:01:30]} 13. f4 {[%emt 0:08:30]} Nc6 {[%emt 0:02:30]} 14. f5 {[%emt 0:13:30]} O-O-O {[%emt 0:12:30]} 15. Be3 {[%emt 0:02:30]} Ne5 {[%emt 0:05:30]} 16. Qg1 {[%emt 0:10:30]} Re8 {[%emt 0:02:30]} 17. Bb6 {[%emt 0:04:30]} Qc6 {[%emt 0:00:30]} 18. fxe6 {[%emt 0:07:44]} fxe6 {[%emt 0:00:30]} 19. a4 {[%emt 0:00:17]} Kb8 {[%emt 0:07:30]} 20. Qd4 {[%emt 0:04:03]} Nf3 {[%emt 0:10:30]} 21. Qe3 {[%emt 0:00:45]} Be7 {[%emt 0:00:30]} 22. h4 {[%emt 0:01:21]} Ne5 {[%emt 0:03:23]} 23. Nb5 {[%emt 0:04:37]} Ng4 {[%emt 0:08:11]} 24. Bc7+ {[%emt 0:00:41]} Kc8 {[%emt 0:00:25]} 25. Qa7 {[%emt 0:00:41]} 1-0

[Event "28th CRO-chT 1B-Men 2019"]
[Site "Mali Losinj"]
[Date "2019.10.03"]
[Round "6.12"]
[White "Machata, Martin"]
[Black "Glavas, Dragan"]
[Result "0-1"]
[WhiteElo "2179"]
[BlackElo "2238"]
[Annotator "NA"]
[PlyCount "112"]
[EventDate "2019.09.28"]
[EventType "team-tourn"]
[EventCountry "CRO"]
[SourceTitle "playchess.com"]
[Source "ChessBase"]
[SourceQuality "1"]
[TimeControl "40/5400+30:1800+30"]

1. Nf3 {[%emt 0:08:30]} d5 {[%emt 0:00:30]} 2. c4 {[%emt 0:00:30]} dxc4 {[%emt 0:00:30]} 3. e3 {[%emt 0:12:30]} Nf6 {[%emt 0:18:30]} 4. Bxc4 {[%emt 0:01:30]} e6 {[%emt 0:01:30]} 5. d4 {[%emt 0:00:30]} Be7 {[%emt 0:01:30]} 6. Nc3 {[%emt 0:00:30]} c5 {[%emt 0:02:30]} 7. O-O {[%emt 0:00:30]} O-O {[%emt 0:00:30]} 8. Qe2 {[%emt 0:04:30]} a6 {[%emt 0:02:30]} 9. dxc5 {[%emt 0:09:30]} Bxc5 {[%emt 0:02:30]} 10. Rd1 {[%emt 0:01:30]} Qc7 {[%emt 0:06:30]} 11. e4 {[%emt 0:02:30]} Ng4 {[%emt 0:02:30]} 12. Be3 {[%emt 0:07:30]} Bxe3 {[%emt 0:06:30]} 13. fxe3 {[%emt 0:00:00]} Nc6 {[%emt 0:07:30]} 14. Rac1 {[%emt 0:03:00]} Bd7 {[%emt 0:07:30]} 15. Bb3 {[%emt 0:00:30]} Rad8 {[%emt 0:06:30]} 16. h3 {[%emt 0:02:30]} Nge5 {[%emt 0:00:30]} 17. Nd4 {[%emt 0:06:30]} Qa5 {[%emt 0:03:30]} 18. Rd2 {[%emt 0:03:30]} Ng6 {[%emt 0:05:30]} 19. Rcd1 {[%emt 0:02:30]} Nxd4 {[%emt 0:00:30]} 20. exd4 {[%emt 0:01:30]} Qg5 {[%emt 0:00:00]} 21. Kh1 {[%emt 0:13:43]} h5 {[%emt 0:00:00]} 22. d5 {[%emt 0:02:19]} e5 {[%emt 0:02:30]} 23. d6 {[%emt 0:00:37]} Nf4 {[%emt 0:02:25]} 24. Qf2 {[%emt 0:03:34]} Bc6 {[%emt 0:04:08]} 25. Bd5 {[%emt 0:01:30]} Bxd5 {[%emt 0:04:51]} 26. Nxd5 {[%emt 0:00:12]} Nxd5 {[%emt 0:00:38]} 27. Rxd5 {[%emt 0:00:17]} Rd7 {[%emt 0:00:21]} 28. Kh2 {[%emt 0:05:06]} Rc8 {[%emt 0:04:30]} 29. R1d3 {[%emt 0:00:35]} h4 {[%emt 0:02:54]} 30. Rf3 {[%emt 0:04:09]} f6 {[%emt 0:01:29]} 31. Rf5 {[%emt 0:00:35]} Qg3+ {[%emt 0:02:00]} 32. Qxg3 {[%emt 0:00:02]} hxg3+ {[%emt 0:00:09]} 33. Kxg3 {[%emt 0:00:07]} Rc4 {[%emt 0:00:36]} 34. Rf2 {[%emt 0:01:53]} Rxe4 {[%emt 0:00:30]} 35. Rc2 {[%emt 0:00:26]} Kf7 {[%emt 0:00:13]} 36. Kf3 {[%emt 0:01:33]} Rf4+ {[%emt 0:01:04]} 37. Ke3 {[%emt 0:00:10]} Ke6 {[%emt 0:00:21]} 38. Rcd2 {[%emt 0:01:29]} Rb4 {[%emt 0:00:29]} 39. g4 {[%emt 0:00:16]} Rb6 {[%emt 0:00:59]} 40. Ke4 {[%emt 0:00:00]} Rbxd6 {[%emt 0:00:00]} 41. Rxd6+ {[%emt 0:02:57]} Rxd6 {[%emt 0:04:53]} 42. Rc2 {[%emt 0:00:30]} g6 {[%emt 0:00:00]} 43. Rc7 {[%emt 0:03:30]} f5+ {[%emt 0:02:00]} 44. Ke3 {[%emt 0:06:50]} Rd7 {[%emt 0:01:30]} 45. Rxd7 {[%emt 0:02:36]} Kxd7 {[%emt 0:00:30]} 46. g5 {[%emt 0:00:00]} Ke6 {[%emt 0:03:30]} 47. Kf3 {[%emt 0:03:16]} Kd5 {[%emt 0:01:30]} 48. h4 {[%emt 0:03:04]} b5 {[%emt 0:03:39]} 49. b4 {[%emt 0:00:06]} e4+ {[%emt 0:00:59]} 50. Kf4 {[%emt 0:02:17]} Kd6 {[%emt 0:01:40]} 51. h5 {[%emt 0:09:00]} gxh5 {[%emt 0:01:23]} 52. Kxf5 {[%emt 0:01:45]} e3 {[%emt 0:00:19]} 53. g6 {[%emt 0:00:59]} Ke7 {[%emt 0:01:01]} 54. Kg5 {[%emt 0:00:25]} e2 {[%emt 0:00:11]} 55. Kh6 {[%emt 0:00:25]} e1=Q {[%emt 0:00:13]} 56. g7 {[%emt 0:00:20]} Kf7 {[%emt 0:00:21]} 0-1

[Event "28th CRO-chT 1B-Men 2019"]
[Site "Mali Losinj"]
[Date "2019.10.03"]
[Round "6.13"]
[White "Ivic, Velimir"]
[Black "Medvegy, Zoltan"]
[Result "1-0"]
[WhiteElo "2525"]
[BlackElo "2539"]
[Annotator "TA"]
[PlyCount "91"]
[EventDate "2019.09.28"]
[EventType "team-tourn"]
[EventCountry "CRO"]
[SourceTitle "playchess.com"]
[Source "ChessBase"]
[SourceQuality "1"]

{[%evp 15,91,14,22,-9,4,4,22,14,24,22,16,22,21,23,22,3,6,0,4,-2,0,-2,0,-3,-4,-3,-2,-4,-7,-6,-3,-5,-3,-11,41,25,44,50,80,51,55,44,94,72,87,67,58,20,142,132,161,162,162,161,155,138,273,254,363,362,349,292,526,297,646,641,879,877,822,802,821,812,811,682,1177,1150,1145,1119]} 1. e4 e6 2. d4 d5 3. Nc3 Bb4 4. e5 c5 5. a3 Bxc3+ 6. bxc3 Qa5 7. Bd2 Qa4 8. Qg4 Kf8 9. h4 {C18: French: 3 Nc3 Bb4: Main line: 7 h4 and 7 Qg4} Nc6 10. h5 (10. Nf3 Nge7 11. h5 h6 12. Be2 b6 13. O-O cxd4 14. cxd4 Ba6 15. Bxa6 Qxa6 16. Nh4 Qc4 {1-0 (91) Motylev,A (2651)-Savchenko,B (2581) Moscow 2019}) 10... h6 11. Qd1 {The position is equal.} Nge7 12. Qb1 c4 13. Ne2 Ke8 $146 ({Predecessor:} 13... b5 14. g4 Ke8 15. f4 Kd8 16. Bh3 {½-½ (53) Kanonier,C (2099)-Atlas,D (2216) Austria 2013}) 14. g4 Kd7 15. Bh3 Kc7 16. Be3 Bd7 17. Kd2 Raf8 18. f4 f5 19. Ng3 fxg4 20. Bxg4 Rf7 21. Qf1 Rhf8 22. Qh3 Nd8 23. Rhb1 Qa5 24. a4 Nc8 (24... Kb8 $11) 25. Ne2 $14 Ne7 26. Kd1 Nf5 27. Bc1 $1 Rg8 28. Ba3 Kc8 29. Kd2 Nc6 30. Bxf5 Rxf5 31. Rg1 Rf7 (31... Be8 $11 {keeps the balance.}) 32. Rg6 $16 Qxa4 {[#]} 33. Qh1 $1 Qa5 34. Bc5 {[%mdl 1024] White has strong compensation.} Qc7 {[#]} 35. Rf1 $1 b6 (35... Ne7 $16) 36. Bd6 $18 Qd8 {[#]} (36... Qb7 $142 37. f5 Re8) 37. f5 $1 {[%cal Rf5e6][%mdl 512]} Qe8 (37... exf5 38. e6) 38. Qg2 Rh8 $2 (38... Kb7 39. f6 b5) 39. Rxg7 exf5 $2 (39... Rxg7 40. Qxg7 Rg8) 40. Rg6 {White is clearly winning.} Nd8 41. Qxd5 {[%cal Rd5a8]} Bc6 42. Qxc4 Kb7 43. e6 Rfh7 44. Rfg1 Ka8 45. d5 Bb7 46. Nf4 {Accuracy: White = 74%, Black = 38%.} 1-0

[Event "28th CRO-chT 1B-Men 2019"]
[Site "Mali Losinj"]
[Date "2019.10.03"]
[Round "6.14"]
[White "Rezan, Sasa"]
[Black "Doric, Darko"]
[Result "1/2-1/2"]
[WhiteElo "2432"]
[BlackElo "2476"]
[Annotator "ChessBase"]
[PlyCount "90"]
[EventDate "2019.09.28"]
[EventType "team-tourn"]
[EventCountry "CRO"]
[SourceTitle "playchess.com"]
[Source "ChessBase"]
[SourceQuality "1"]
[TimeControl "40/5400+30:1800+30"]

1. d4 {[%emt 0:00:30]} d5 {[%emt 0:00:30]} 2. c4 {[%emt 0:00:00]} dxc4 {[%emt 0:00:00]} 3. e3 {[%emt 0:01:00]} e6 {[%emt 0:00:00]} 4. Bxc4 {[%emt 0:01:30]} Nf6 {[%emt 0:00:30]} 5. Nf3 {[%emt 0:00:30]} a6 {[%emt 0:00:00]} 6. a4 {[%emt 0:03:30]} b6 {[%emt 0:00:00]} 7. O-O {[%emt 0:00:30]} Bb7 {[%emt 0:00:30]} 8. Qe2 {[%emt 0:00:30]} Bb4 {[%emt 0:00:30]} 9. Bd3 {[%emt 0:07:30]} c5 {[%emt 0:13:30]} 10. e4 {[%emt 0:07:30]} cxd4 {[%emt 0:01:30]} 11. e5 {[%emt 0:01:30]} Bxf3 {[%emt 0:06:30]} 12. Qxf3 {[%emt 0:00:30]} Nd5 {[%emt 0:00:30]} 13. Qg4 {[%emt 0:03:30]} g6 {[%emt 0:00:30]} 14. Nd2 {[%emt 0:09:30]} Nc6 {[%emt 0:08:30]} 15. Nf3 {[%emt 0:02:30]} Qc7 {[%emt 0:07:30]} 16. Qe4 {[%emt 0:01:30]} Bf8 {[%emt 0:02:30]} 17. Bd2 {[%emt 0:04:30]} Bg7 {[%emt 0:00:30]} 18. Rac1 {[%emt 0:01:30]} Qd7 {[%emt 0:01:30]} 19. h4 {[%emt 0:10:30]} O-O {[%emt 0:03:30]} 20. h5 {[%emt 0:01:30]} Rfc8 {[%emt 0:04:30]} 21. Rc4 {[%emt 0:11:30]} a5 {[%emt 0:07:30]} 22. Re1 {[%emt 0:04:30]} Ndb4 {[%emt 0:14:30]} 23. Bxb4 {[%emt 0:02:30]} Nxb4 {[%emt 0:00:30]} 24. Rxd4 {[%emt 0:00:30]} Qe7 {[%emt 0:06:44]} 25. Rd6 {[%emt 0:04:45]} Rd8 {[%emt 0:01:57]} 26. Bb5 {[%emt 0:00:38]} Rac8 {[%emt 0:02:05]} 27. Rxb6 {[%emt 0:03:07]} gxh5 {[%emt 0:00:48]} 28. Rb7 {[%emt 0:00:20]} Rc7 {[%emt 0:00:06]} 29. Rxc7 {[%emt 0:03:38]} Qxc7 {[%emt 0:00:01]} 30. Qh4 {[%emt 0:00:38]} h6 {[%emt 0:00:43]} 31. Re4 {[%emt 0:02:08]} Rd1+ {[%emt 0:01:56]} 32. Kh2 {[%emt 0:00:18]} Qc1 {[%emt 0:00:45]} 33. Rc4 {[%emt 0:03:24]} Qb1 {[%emt 0:05:57]} 34. Qe4 {[%emt 0:02:47]} Qxe4 {[%emt 0:02:42]} 35. Rxe4 {[%emt 0:00:41]} Rb1 {[%emt 0:00:30]} 36. Rc4 {[%emt 0:00:37]} Rxb2 {[%emt 0:00:30]} 37. Kg3 {[%emt 0:03:29]} h4+ {[%emt 0:01:11]} 38. Rxh4 {[%emt 0:00:23]} Rb3 {[%emt 0:00:53]} 39. Kh2 {[%emt 0:01:00]} Nd3 {[%emt 0:00:54]} 40. Bxd3 {[%emt 0:00:00]} Rxd3 {[%emt 0:00:00]} 41. Re4 {[%emt 0:02:37]} Bf8 {[%emt 0:01:18]} 42. Rg4+ {[%emt 0:05:30]} Kh7 {[%emt 0:00:30]} 43. Rf4 {[%emt 0:00:30]} Kg7 {[%emt 0:00:30]} 44. Rg4+ {[%emt 0:00:30]} Kh7 {[%emt 0:00:00]} 45. Rf4 {[%emt 0:00:00]} Kg6 {[%emt 0:00:00]} 1/2-1/2

[Event "28th CRO-chT 1B-Men 2019"]
[Site "Mali Losinj"]
[Date "2019.10.03"]
[Round "6.15"]
[White "Plenkovic, Zdenko"]
[Black "Bilobrk, Franjo"]
[Result "1/2-1/2"]
[WhiteElo "2368"]
[BlackElo "2334"]
[Annotator "TA"]
[PlyCount "114"]
[EventDate "2019.09.28"]
[EventType "team-tourn"]
[EventCountry "CRO"]
[SourceTitle "playchess.com"]
[Source "ChessBase"]
[SourceQuality "1"]

{[%evp 9,114,5,12,12,16,10,16,16,13,0,0,0,0,-58,-53,-60,-29,-77,-67,-111,-97,-131,-91,-53,19,16,52,29,77,53,57,53,60,53,69,65,70,29,50,-2,59,38,78,79,188,71,247,77,79,53,58,64,64,56,72,62,80,73,80,74,76,71,79,79,100,32,18,0,0,0,0,-53,0,-36,-27,-77,-91,-92,-82,-73,-81,-90,-78,-87,-82,-137,-118,-445,-448,-403,-392,-372,-93,-747,-729,-731,-729,-639,-633,-693,0,0,0,0,0,0,0]} 1. b3 d5 2. Bb2 Bg4 3. d4 (3. h3 Bh5 4. g3 c6 5. Bg2 Nd7 6. c4 e6 7. Nf3 Ngf6 8. O-O Bd6 9. d3 Qe7 10. a3 O-O 11. Nbd2 a5 12. Nh4 Rfd8 13. Re1 b5 14. Qc2 bxc4 15. bxc4 Rab8 16. Bc3 Bxa3 17. g4 Bg6 18. Nxg6 hxg6 19. Bxa5 Rdc8 {1-0 (97) Karjakin,S (2752)-Amin,B (2704) Abidjan 2019}) 3... Nf6 4. Nf3 e6 5. e3 Bb4+ 6. c3 {A01: Nimzowitsch-Larsen Opening} Bd6 7. Nbd2 Nbd7 8. h3 $146 ({Predecessor:} 8. Qc2 c5 9. Bd3 Rc8 10. O-O O-O {0-1 (36) Dek,L (2203)-Roeder,M (2393) Vlissingen 2005}) 8... Bh5 9. g4 Bg6 10. Nh4 Be4 11. Nxe4 (11. Nhf3 $11) 11... Nxe4 $15 12. Nf3 O-O 13. Qe2 f5 14. O-O-O Qe7 15. Kb1 fxg4 16. hxg4 h6 ({Better is} 16... Qf7 $15 17. Bg2 Qg6) 17. Bg2 $11 Rf7 18. g5 Nxg5 19. Nxg5 Qxg5 20. f4 Qg6+ 21. Ka1 $1 {[%mdl 1024] White has compensation.} Nf6 22. Rdg1 Qh7 23. Bf3 c6 24. Rg2 (24. c4 $14) 24... Kf8 (24... a5 $11) 25. Rhg1 $14 Ke7 26. Rg6 Kd7 (26... Re8 $16 {was called for.}) 27. Qg2 (27. c4 $18) 27... Rg8 $2 (27... h5 $16 {was necessary.}) 28. Bd1 $2 (28. c4 $18 {is more deadly.}) 28... Qh8 $16 29. Qh3 Re8 30. c4 Kc8 31. Bc2 Kb8 32. R6g2 Ree7 33. Bg6 Rf8 34. c5 Bc7 35. Bc3 Qg8 36. b4 {[%cal Bb3b4,Bb4b5][%mdl 32]} b5 37. cxb6 (37. Be1 $16) 37... axb6 $14 38. b5 Bd6 $1 39. Rb2 Rc8 40. Qf1 (40. bxc6 $11 Rxc6 41. Rgb1) 40... Rb7 (40... c5 $15) 41. Qd3 Qd8 42. Rgb1 c5 $1 43. dxc5 Rxc5 44. Bd4 Rc4 45. Rc2 {[#]} Rxc2 $1 46. Qxc2 {[#]} Qe7 $1 47. Qc6 ({White should play} 47. Qh2) 47... Nd7 $17 {White must now prevent ...Rc7.} 48. Be8 $2 {[%mdl 8192]} ({Wrong is} 48. Rc1 $2 Rc7 $19) (48. Qc2 $17) 48... Rc7 $19 49. Bxd7 Rxc6 50. bxc6 Bc5 $2 (50... Bc7 $19 {...e5 is the strong threat.} 51. Rb3 e5 52. Bxb6 Bxb6 53. Rxb6+ Kc7 54. Rb7+ Kd6) 51. Rxb6+ $2 {[%mdl 8192]} (51. Be5+ $17 Ka7 52. Rb3) 51... Bxb6 52. Bxb6 Ka8 53. Bd4 g6 54. Bc8 Qa3 $2 ({Black should try} 54... Kb8 $19 55. Bb7 Kc7) 55. Bb7+ $11 {The position is equal.} Kb8 {[%cal Ra3c1]} 56. Be5+ Ka7 {[%cal Ra3c1]} 57. Bd4+ Kb8 {Accuracy: White = 37%, Black = 40%.} 1/2-1/2

[Event "28th CRO-chT 1B-Men 2019"]
[Site "Mali Losinj"]
[Date "2019.10.03"]
[Round "6.16"]
[White "Biliskov, Vjekoslav"]
[Black "Rade, Miroslav"]
[Result "1/2-1/2"]
[WhiteElo "2333"]
[BlackElo "2390"]
[Annotator "NA RC"]
[PlyCount "45"]
[EventDate "2019.09.28"]
[EventType "team-tourn"]
[EventCountry "CRO"]
[SourceTitle "playchess.com"]
[Source "ChessBase"]
[SourceQuality "1"]
[TimeControl "40/5400+30:1800+30"]

1. d4 {[%emt 0:00:30]} Nf6 {[%emt 0:01:30]} 2. c4 {[%emt 0:00:00]} g6 {[%emt 0:00:00]} 3. Nc3 {[%emt 0:00:00]} d5 {[%emt 0:00:00]} 4. cxd5 {[%emt 0:00:30]} Nxd5 {[%emt 0:00:30]} 5. e4 {[%emt 0:00:30]} Nxc3 {[%emt 0:00:00]} 6. bxc3 {[%emt 0:00:30]} c5 {[%emt 0:00:00]} 7. Bb5+ {[%emt 0:00:30]} Bd7 {[%emt 0:00:00]} 8. Be2 {[%emt 0:00:00]} Bg7 {[%emt 0:00:00]} 9. Nf3 {[%emt 0:00:00]} Bg4 {[%emt 0:00:30]} 10. Qa4+ {[%emt 0:17:30]} Nc6 {[%emt 0:09:30]} 11. e5 {[%emt 0:18:30]} cxd4 {[%emt 0:16:30]} 12. cxd4 {[%emt 0:00:30]} Qd7 {[%emt 0:00:30]} 13. Be3 {[%emt 0:09:30]} Nxe5 {[%emt 0:04:30]} 14. Bb5 {[%emt 0:04:30]} Nc6 {[%emt 0:02:30]} 15. Ne5 {[%emt 0:04:30]} Bxe5 {[%emt 0:00:30]} 16. dxe5 {[%emt 0:00:30]} O-O {[%emt 0:00:00]} 17. O-O {[%emt 0:01:30]} Rfc8 {[%emt 0:04:00]} 18. Rac1 {[%emt 0:02:30]} a6 {[%emt 0:02:30]} 19. Bxc6 {[%emt 0:00:30]} Rxc6 {[%emt 0:00:00]} 20. Rxc6 {[%emt 0:00:30]} bxc6 {[%emt 0:00:00]} 21. Rc1 {[%emt 0:01:30]} Be6 {[%emt 0:07:30]} 22. Rxc6 {[%emt 0:02:30]} Qe8 {[%emt 0:03:30]} 23. Qc2 {[%emt 0:04:30]} 1/2-1/2